Reologické charakteristiky polárnych a nepolárnych tavenín termoplastov

Saved in:
Bibliographic Details
Main Author: Cabada, Denis (Author)
Other Authors: Náplava, Antonín (Thesis advisor)
Format: Manuscript Book
Language:Slovak
Published: 2018
Subjects:
Online Access:http://is.stuba.sk/zp/portal_zp.pl?podrobnosti=138450
Tags: Add Tag
No Tags, Be the first to tag this record!

MARC

LEADER 00000ntm a22000003a 4500
001 stuzp69277
003 SK-STU
005 20180820161118.6
007 ta
008 150427s2015----xo-----f-mn---000-0-slo-d
040 |a STU  |b slo 
041 0 |a slo 
100 1 |a Cabada, Denis  |u 061000  |4 aut  |U MTF Materiálovotechnologická fakulta  |T MTF Ústav materiálov  |X 54262  |U M1000  |Y 81  |7 54262 
242 0 1 |a Rheological characteristic polar and nonpolar thermoplastics melts  |y eng 
245 1 0 |a Reologické charakteristiky polárnych a nepolárnych tavenín termoplastov 
260 |c 2018 
650 4 |a Pseudoplastický charakter  |2 slo 
650 4 |a Termoplasty  |2 slo 
650 4 |a Reológia  |2 slo 
650 4 |a Kapilárny reometer  |2 slo 
650 4 |a Viskozita  |2 slo 
650 4 |a Index toku taveniny  |2 slo 
650 4 |a Rheology  |2 eng 
650 4 |a Capillary rheometer  |2 eng 
650 4 |a Viscosity  |2 eng 
650 4 |a Pseudoplastic flow  |2 eng 
650 4 |a Melt flow index  |2 eng 
650 4 |a Thermoplastics  |2 eng 
700 1 |a Náplava, Antonín  |u 061000  |k Z8  |4 ths  |U MTF Materiálovotechnologická fakulta  |T MTF Ústav materiálov  |X 2801  |U M1000  |Y 81  |7 A000002801 
856 4 |u http://is.stuba.sk/zp/portal_zp.pl?podrobnosti=138450 
996 |c M* DP-13643  |l MMSKP  |s P  |a 0  |w stuzp69277_0001